• 首页
  • 本馆介绍
  • 公告通知
  • 最新文献
  • 馆藏检索
  • 电子资源
  • 读者导购
  • 参考咨询
  • 我的图书馆
  • 登录
  • 详细信息显示
  • 放入我的书架
  • 预约/预借图书
  • 作者相关作品
  • 分类相关作品
  • 丛书相关作品
  • 出版社相关作品

书目信息

  • 表格格式
  • 工作单格式
  • 卡片格式
题名:
全国总书目
    
 
作者: ;国家出版事业管理局版本图书馆 编
分册: 1974  
出版信息: 北京   中华书局  1977.10
页数: 803页
开本: 21cm
丛书名:
单 册:
中图分类: Z812.1
科图分类:
主题词: 国家书目--中国
电子资源:
ISBN:
000 00617nam0 2200205 45
001 0181015498
005 20060606090953.40
010    @b精装@dCNY3.80
091    @a17018.80
100    @a20810111d1977 km y0chiy0120 ea
101 0  @achi
200 1  @a全国总书目@AQuan Guo Zong Shu Mu@h1974@f国家出版事业管理局版本图书馆编@FGuo Jia Chu Ban Shi Ye Guan Li Ju Ban Ben Tu Shu Guan Bian
210    @a北京@c中华书局@d1977.10
215    @a803页@d21cm
300    @a内部发行
606 0  @a国家书目@x中国
690    @aZ812.1@v3
711 02 @a国家出版事业管理局版本图书馆@4编
801    @aCN@bTSTC@c20060606
905    @dZ812.1@e1974
    
    全国总书目.1974/国家出版事业管理局版本图书馆编.-北京:中华书局,1977.10
    803页;21cm
    内部发行
    
    ISBN (精装):CNY3.80
    
●
相关链接 在E读中查询图书 在五车中查询图书 在当当中查询图书 在豆瓣中查询图书


正题名:全国总书目     索取号:Z812.1/1974         预约/预借

序号 登录号 条形码 馆藏地/架位号 状态 备注
1 0000973   202127297   第二样本阅览室/ [索取号:Z812.1/1974] 在馆    
2 0420045   204200453   密集书库/ [索取号:Z812.1/1974] 在馆    
唐山师范学院图书馆 欢迎您!
大连网信软件有限公司© 版权所有